000
00289nam a2200121Ia 4500
008
220204s9999 xx 000 0 und d
082
_a
NR:62:535
_b
STE
100
_a
Stein, R S
245
0
_a
Rheoptical studies of rubbers
260
_a
USA
_b
DDC
650
_a
Rubber rheoptics
942
_c
BK
999
_c
33732
_d
33732